Geografia per immagini - P - Statistics

Statistiche generali
  • Questo quiz è stato fatto 3.019 volte
  • Il punteggio medio è 12 su 18
Statistiche sulle risposte
con Immagini Hint Risposta % Corretto
città Pisa
96%
città Parigi
95%
paese Polonia
95%
paese Perù
93%
corpo d'acqua Golfo {Persico}
79%
opera idraulica Canale di {Panama}
75%
paese Palestina
74%
città Pamplona
73%
tempio Partenone
73%
paese Palau
70%
città antica Pompei
61%
formazione geografica Penisola
57%
città Praga
56%
corpo d'acqua Río de la {Plata}
56%
regione sudamericana Patagonia
49%
isola italiana Pantelleria
45%
città Pyongyang
29%
stratovulcano filippino Pinatubo
11%
Nessun quiz corrispondente trovato
Distribuzione punteggi
Percentuale di utenti per punteggio
Percentile per numero di risposta
I tuoi punteggi nel tempo
Non hai fatto questo quiz